| 000 | 01916cam a2200481 i 4500 | ||
|---|---|---|---|
| 001 | 23124513 | ||
| 005 | 20240828134628.0 | ||
| 008 | 230511t20222022nyua 001 0 eng d | ||
| 010 | _a 2023301153 | ||
| 015 |
_aGBC1G1456 _2bnb |
||
| 016 | 7 |
_a020340428 _2Uk |
|
| 020 |
_a9781264258840 _q(paperback) |
||
| 020 |
_a1264258844 _q(paperback) |
||
| 020 |
_z9781264258857 _q(e-book) |
||
| 035 | _a(OCoLC)on1289614007 | ||
| 042 | _alccopycat | ||
| 082 | 0 | 4 | _a519.2,LIP |
| 100 | 1 |
_aLipschutz, Seymour, _eauthor. _98529 |
|
| 245 | 1 | 0 |
_aProbability / _cSeymour Lipschutz, Marc Lipson. |
| 246 | 3 |
_aSchaum's outlines. _pProbability |
|
| 250 | _aThird edition. | ||
| 264 | 1 |
_aNew York : _bMcGraw-Hill, _c[2022] |
|
| 264 | 4 | _c©2022 | |
| 300 |
_avi, 311 pages : _billustrations ; _c28 cm |
||
| 336 |
_atext _btxt _2rdacontent |
||
| 337 |
_aunmediated _bn _2rdamedia |
||
| 338 |
_avolume _bnc _2rdacarrier |
||
| 490 | 1 | _aSchaum's outline series | |
| 505 | 0 | _aSet theory (Page-1), Techniques of counting (Page-32), Introduction to probability (Page-59), Conditional probability and independence (Page-85), Random variables (Page-119), Random variable models (Page-177) Markov chains (Page-224). | |
| 650 | 0 |
_aProbabilities _vProblems, exercises, etc. _9102404 |
|
| 650 | 0 |
_aProbabilities _vStudy guides. _9125438 |
|
| 650 | 0 |
_aMathematics _vStudy guides. _9125439 |
|
| 650 | 6 |
_aProbabilités _vProblèmes et exercices. _9125440 |
|
| 650 | 6 |
_aProbabilités _vGuides de l'étudiant. _9125441 |
|
| 650 | 6 |
_aMathématiques _vGuides de l'étudiant. _9125442 |
|
| 650 | 7 |
_aMathematics. _2fast _0(OCoLC)fst01012163 |
|
| 650 | 7 |
_aProbabilities. _2fast _0(OCoLC)fst01077737 |
|
| 655 | 7 |
_aProblems and exercises. _2fast _0(OCoLC)fst01423783 _995319 |
|
| 655 | 7 |
_aStudy guides. _2fast _0(OCoLC)fst01423888 _924862 |
|
| 700 | 1 |
_aLipson, Marc, _eauthor. _9109541 |
|
| 830 | 0 |
_aSchaum's outline series. _98664 |
|
| 942 |
_2ddc _cREF |
||
| 999 |
_c611191 _d611191 |
||